Las Negociaciones Unión Europea-Mercosur: entre la lentitud y la indefinición /
La explicación convencional para la firma de un Acuerdo Marco Interregional entre la Unión Europea y el Mercosur subsaya la importancia que le atribuyen las partes a la relación bilateral, sin embargo resulta insuficiente para entender el acuerdo o las negociaciones respectivas. Este artículo preten...
Salvato in:
| Autore principale: | |
|---|---|
| Natura: | testo |
| Soggetti: | |
| Tags: |
Aggiungi Tag
Nessun Tag, puoi essere il primo ad aggiungerne!!
|
MARC
| LEADER | 00000 a a2200000 04500 | ||
|---|---|---|---|
| 001 | 10740 | ||
| 003 | |||
| 040 | |||
| 100 | |a Bouzas, Roberto | ||
| 245 | |a Las Negociaciones Unión Europea-Mercosur: entre la lentitud y la indefinición / |c Roberto Bouzas | ||
| 500 | |a Parte del ensayo "EU-MERCOSUR negotiations: an Overview" | ||
| 520 | |a La explicación convencional para la firma de un Acuerdo Marco Interregional entre la Unión Europea y el Mercosur subsaya la importancia que le atribuyen las partes a la relación bilateral, sin embargo resulta insuficiente para entender el acuerdo o las negociaciones respectivas. Este artículo pretende contextualizar ambas cosas. En las dos primeras secciones se analiza el acuerdo y las negociaciones dentro del marco más amplio de las prioridades e incentivos que contemplan los dos bloques regionales. Las dos últimas ofrecen una evaluación comparativa de las negociaciones UE-Mercosur y especula sobre escenarios posibles | ||
| 650 | |a MERCOSUR | ||
| 650 | |a COOPERACION REGIONAL | ||
| 650 | |a COOPERACION ECONOMICA | ||
| 650 | |a NEGOCIACIONES COMERCIALES | ||
| 773 | |g número 190; páginas 125-135 | ||
| 999 | |c 39757 |d 39757 | ||
